Sports Quiz

Random Sports or Grab Bag Quiz

Sports Grab Bag: Y2K Edition Quiz Stats

 Plays Quiz not verified by Sporcle

Challenge
Share
Tweet
Embed
Score 0/100 Timer 15:00
0 Plays Today
% Correct
Sammy Sosa
84%
Tiger Woods
83.8%
Tiger Woods
83.8%
Tiger Woods
83.8%
New York Yankees
81.6%
Barry Bonds
80.3%
Los Angeles Lakers
79.3%
Michigan State
75.4%
Venus Williams
75.2%
Venus Williams
75.2%
Michigan State Spartans
74.8%
Pete Sampras
70.1%
Lamar Smith
69.1%
Emmitt Smith
69.1%
St. Louis Rams
67.8%
Andre Agassi
67%
Kenyon Martin
61.9%
Curtis Martin
61.7%
United States
60.2%
Marshall Faulk
58.2%
Marshall Faulk
58.2%
Jason Kidd
55.3%
Jamal Lewis
53.7%
Thomas Jones
53.1%
Dermarr Johnson
52.7%
China
51.8%
Frank Thomas
51.6%
Shaquille O'Neal
51.4%
Courtney Brown
50.6%
John Stockton
50.4%
Russia
47.7%
New Jersey Devils
47.1%
Germany
43.9%
Oklahoma Sooners
43%
% Correct
North Carolina
42.2%
France
41.2%
Stephen Davis
40.8%
Edgerrin James
40.6%
Florida
40.2%
Jason Giambi
37.1%
Jason Giambi
37.1%
Jeff Kent
36.7%
Mike Anderson
35.2%
Jaromir Jagr
34.4%
Ahman Green
34%
Italy
32.8%
Australia
32.4%
Eddie George
30.7%
LaVar Arrington
30.7%
Vijay Singh
27.3%
Jeff Bagwell
27%
Fred Taylor
24.8%
Travis Taylor
24.8%
Houston Comets
23.4%
Todd Helton
22.7%
Vladimir Guerrero
20.5%
Chris Samuels
20.1%
Gary Payton
19.5%
Gary Sheffield
18.9%
Mike Miller
18.4%
Stromile Swift
17.4%
Lindsay Davenport
17.2%
Brian Urlacher
16%
Peter Warrick
15.6%
Wisconsin
13.1%
Darius Miles
12.9%
Troy Glaus
11.9%
Bob Stoops
11.7%
% Correct
Jim Edmonds
11.3%
Marcus Fizer
10%
Marat Safin
9.8%
Great Britain
9.6%
Pavel Bure
8.8%
Plaxico Burress
8.6%
Gustavo Kuerten
8.4%
Teemu Selanne
7.4%
James Stewart
6.8%
Dusty Baker
6.8%
Chris Pronger
6.4%
Mary Pierce
5.9%
Jamal Crawford
5.7%
Corey Simon
5.5%
Richard Hidalgo
5.3%
Paul Kariya
4.9%
Sam Cassell
4.5%
Jerry Manuel
4.3%
Chris Mihm
4.3%
Cuba
4.1%
Tyrone Wheatley
3.7%
Doc Rivers
3.7%
Mark Recchi
2.5%
Nick Van Exel
2.3%
Keyon Dooling
1.8%
Colombia
1.8%
Tony Perez
1.6%
Carlton Fisk
1.2%
Jim Haslett
1%
Joel Przybilla
1%
Mike Montgomery
0.6%
Joel Quenneville
0.4%

You're not logged in!

Compare scores with friends on all Sporcle quizzes.
Join for Free
OR
Log In

You Might Also Like...

Show Comments

Extras

Top Quizzes Today


Score Distribution

Your Account Isn't Verified!

In order to create a playlist on Sporcle, you need to verify the email address you used during registration. Go to your Sporcle Settings to finish the process.

Report this User

Report this user for behavior that violates our Community Guidelines.

Details: